000 00860cam a2200217 4500
001 WB3726-23
008 000000n2001 000 0 eng u
035 _a(Sirsi) u113409
245 _aSolicitors warned against shares-based property deals
260 _c2001
490 _aSolicitors' Journal
_v145 (25) 29 June 2001, 589(1)
520 _aCMS Cameron McKenna warns that some property advisers may be breaking the Financial Services Act during the course of transactions. Problems can occur from the practice of land and buildings being held in 'vehicles' such as companies or limited partnerships which may be in breach of the act.
590 _aWB
650 _aESTATE AGENTS
650 _aPROPERTY ADVISERS
650 _aFINANCIAL SERVICES ACT 1986
650 _aPROPERTY DEALS
650 _aSHAREHOLDINGS
690 _aPROPERTY
942 _n0
999 _c67569
_d67569